Understanding by Design (Record no. 84882)

MARC details
000 -LEADER
fixed length control field 00807nam a22002777a 4500
003 - CONTROL NUMBER IDENTIFIER
control field URS
005 - DATE AND TIME OF LATEST TRANSACTION
control field 20250828100502.0
008 - FIXED-LENGTH DATA ELEMENTS--GENERAL INFORMATION
fixed length control field 250320b ||||| |||| 00| 0 eng d
020 ## - INTERNATIONAL STANDARD BOOK NUMBER
International Standard Book Number 1416602240
040 ## - CATALOGING SOURCE
Transcribing agency URS
050 ## - LIBRARY OF CONGRESS CALL NUMBER
Classification number LB2806.15
Item number .W54 2005
100 ## - MAIN ENTRY--PERSONAL NAME
9 (RLIN) 11461
Personal name Wiggins, Grant P.
245 ## - TITLE STATEMENT
Title Understanding by Design
250 ## - EDITION STATEMENT
Edition statement 2nd Edition
264 ## - PRODUCTION, PUBLICATION, DISTRIBUTION, MANUFACTURE, AND COPYRIGHT NOTICE
Date of production, publication, distribution, manufacture, or copyright notice ©2005
300 ## - PHYSICAL DESCRIPTION
Extent 370 pages.,:
336 ## - CONTENT TYPE
Source rdacontent
Content type term text
337 ## - MEDIA TYPE
Source rdamedia
Media type term unmediated
338 ## - CARRIER TYPE
Source rdacarrier
Carrier type term volume
650 #0 - SUBJECT ADDED ENTRY--TOPICAL TERM
9 (RLIN) 11459
Topical term or geographic name entry element Curriculum Planning
General subdivision United States -- Handbooks, Manuals, etc.
650 #0 - SUBJECT ADDED ENTRY--TOPICAL TERM
9 (RLIN) 11460
Topical term or geographic name entry element Curriculum-based Assessment
General subdivision United States -- Handbooks, Manual, etc.
650 #0 - SUBJECT ADDED ENTRY--TOPICAL TERM
9 (RLIN) 2091
Topical term or geographic name entry element Learning
650 #0 - SUBJECT ADDED ENTRY--TOPICAL TERM
9 (RLIN) 692
Topical term or geographic name entry element Comprehension
700 ## - ADDED ENTRY--PERSONAL NAME
9 (RLIN) 11389
Personal name McTighe, Jay
942 ## - ADDED ENTRY ELEMENTS (KOHA)
Source of classification or shelving scheme Library of Congress Classification
Koha item type Reserved Books
Holdings
Withdrawn status Source of classification or shelving scheme Damaged status Not for loan Collection code Home library Current library Date acquired Total Checkouts Full call number Barcode Date last seen Price effective from Koha item type
  Library of Congress Classification     Non-fiction Morong Graduate Library Morong Graduate Library 03/20/2025   LB2806.15 .W54 2005 URSMOR-GL-4376 03/20/2025 03/20/2025 Reserved Books
  Library of Congress Classification     Non-fiction Morong Graduate Library Morong Graduate Library 03/20/2025   LB2806.15 .W54 2005 URSMOR-GL-4383 03/20/2025 03/20/2025 Reserved Books

University of Rizal System
Email us at univlibservices@urs.edu.ph

Visit our Website www.urs.edu.ph/library